[Event "Challenge"]
[Site "http://www.queenalice.com/game.php?id=1513147"]
[Date "2018.1.24"]
[Round "-"]
[White "TenebrousWit"]
[Black "AlekinePb"]
[Result "1-0"]
[WhiteElo "1827"]
[BlackElo "1879"]

1. e4 d6 2. Nf3 Nf6 3. Nc3 g6 4. Bc4 Bg7 5. O-O O-O 6. h3 c6 7. d3 b5 8. Bb3 Bb7
9. a3 a5 10. Be3 Nbd7 11. Qd2 c5 12. Nxb5 Qc8 13. a4 d5 14. exd5 Bxd5 15. Qe2
Bxb3 16. cxb3 Qc6 17. Rac1 1-0

[Event "Let's Play Chess!"]
[Site "http://www.queenalice.com/game.php?id=1513413"]
[Date "2018.1.26"]
[Round "-"]
[White "Juuca"]
[Black "TenebrousWit"]
[Result "1-0"]
[WhiteElo "2024"]
[BlackElo "1863"]

1. e4 c5 2. Nf3 Nc6 3. c3 Nf6 4. e5 Nd5 5. d4 cxd4 6. cxd4 e6 7. Nc3 Bb4 8. Bd2
Qb6 9. a3 Nxc3 10. bxc3 Be7 11. Bd3 h6 12. O-O O-O 13. Qe2 d5 14. exd6 Bxd6 15.
Qe4 f5 16. Qh4 Rf6 17. Rfe1 Bd7 18. c4 Qb3 19. Bf1 Rg6 20. Re3 Qa4 21. d5 Rg4
22. Qh5 Be8 23. Qh3 exd5 24. cxd5 Ne7 25. Re6 Qd7 26. Ne5 Bxe5 27. Rxe5 Ng6 28.
Ree1 Qd6 29. Rac1 Rh4 30. Qg3 Qxg3 31. hxg3 Rd4 32. Be3 Rxd5 33. Bc4 Bf7 34.
Bxd5 Bxd5 35. Rc7 Bc6 36. Bd4 1-0

[Event "AUTO-OPEN-3897"]
[Site "http://www.queenalice.com/game.php?id=1513512"]
[Date "2018.1.25"]
[Round "1"]
[White "Tonto"]
[Black "TenebrousWit"]
[Result "0-1"]
[WhiteElo "1891"]
[BlackElo "1868"]

1. Nf3 c5 2. e4 Nc6 3. Nc3 e6 4. d4 cxd4 5. Nxd4 a6 6. Nxc6 bxc6 7. a3 d5 8. e5
Bc5 9. Bd2 Qb6 10. Qf3 Qxb2 11. Ra2 Qb8 12. Qg3 g6 13. Be2 Bd4 14. Na4 Qb1+ 15.
Bd1 Qxa2 16. O-O Qc4 17. c3 Ba7 18. Nb2 Qb5 19. Ba4 Qb6 20. Be3 Qc7 21. Nd3 Ne7
22. Bh6 Nf5 23. Qg5 Nxh6 24. Qxh6 Bd7 25. Qg7 Rf8 26. Qxh7 Qa5 27. Bc2 Qxc3 28.
Ne1 Qxe5 29. Qh4 Rh8 30. Qg3 Qf6 31. Nd3 Bb8 32. Qe3 Bxh2+ 33. Kh1 Bf4+ 34. Qh3
e5 35. Nxf4 exf4 36. Re1+ Kd8 37. Qxh8+ Qxh8+ 38. Kg1 Qc3 39. Re2 Kc7 40. f3
Qa1+ 41. Kf2 Re8 42. Bd3 Qd4+ 43. Ke1 Qxd3 0-1

[Event "AUTO-OPEN-3897"]
[Site "http://www.queenalice.com/game.php?id=1513513"]
[Date "2018.1.25"]
[Round "1"]
[White "TenebrousWit"]
[Black "Tonto"]
[Result "0-1"]
[WhiteElo "1834"]
[BlackElo "1920"]

1. e4 e5 2. Nf3 d6 3. d4 exd4 4. Nxd4 c5 5. Nf5 a6 6. Bc4 g6 7. Ng3 Nc6 8. c3
Ne5 9. Bd5 Nf6 10. Bg5 Neg4 11. O-O h6 12. Bxf6 Qxf6 13. h3 h5 14. Nd2 Rb8 15.
Nf3 h4 16. Ne2 Bh6 17. Qd3 Ne5 18. Nxe5 dxe5 19. c4 O-O 20. Kh1 b5 21. b3 bxc4
22. Qxc4 Bxh3 23. f4 Bxg2+ 24. Kxg2 exf4 25. Rf3 Qxa1 26. Nxf4 Qb2+ 27. Rf2 Qe5
28. Ne2 Kh8 29. Kh3 Rb6 30. Ng1 Qg3# 0-1

[Event "The tenebrous one"]
[Site "http://www.queenalice.com/game.php?id=1517317"]
[Date "2018.2.25"]
[Round "-"]
[White "TenebrousWit"]
[Black "mascarade"]
[Result "1-0"]
[WhiteElo "1833"]
[BlackElo "1878"]

1. e4 e5 2. Nf3 d6 3. d4 exd4 4. Nxd4 Nf6 5. Nc3 Be7 6. Bd3 b6 7. Bb5+ Bd7 8.
Qf3 c6 9. e5 Nd5 10. Nxd5 cxd5 11. Qxd5 a6 12. Qxa8 axb5 13. exd6 Bxd6 14. Qe4+
Be7 15. O-O O-O 16. b3 Re8 17. Qf3 Bf6 18. Bb2 Bxd4 19. Bxd4 Nc6 20. Bb2 Re6 21.
Rad1 Qe7 22. Qg4 g6 23. Qh3 Nd8 24. Qh6 f5 25. Qd2 1-0

[Event "The witty one"]
[Site "http://www.queenalice.com/game.php?id=1517319"]
[Date "2018.2.25"]
[Round "-"]
[White "mascarade"]
[Black "TenebrousWit"]
[Result "0-1"]
[WhiteElo "1819"]
[BlackElo "1853"]

1. Nf3 c5 2. g3 Nc6 3. Bg2 e6 4. O-O Nf6 5. c4 d5 6. cxd5 exd5 7. Nc3 Be7 8. e3
O-O 9. Re1 Bg4 10. a3 Ne5 11. d4 Nc4 12. b3 cxd4 13. exd4 Nd6 14. Qc2 Rc8 15.
Ne5 Bf5 16. Qb2 Nde4 17. Nxe4 Nxe4 18. Bf4 Nf6 19. b4 Ne4 20. g4 Bg6 21. Nxg6
fxg6 22. Be5 Rxf2 23. Re2 Rxe2 24. Qxe2 Nc3 25. Qd3 Bf6 26. Bxf6 gxf6 27. Kh1
Rc7 28. Rc1 Ne4 29. Rf1 Rc3 30. Qb5 Rxa3 31. Bxe4 dxe4 32. Qxb7 Qxd4 33. Qc8+
Kg7 34. Qc7+ Kh8 35. Qf7 Qd8 36. Rxf6 Ra1+ 37. Rf1 Rxf1+ 38. Qxf1 e3 39. Qa1+
Kg8 40. Qa2+ Kf8 41. Qe6 Qd1+ 42. Kg2 Qd2+ 43. Kf3 Qf2+ 0-1

[Event "AUTO-ADV-3984"]
[Site "http://www.queenalice.com/game.php?id=1517384"]
[Date "2018.2.25"]
[Round "1"]
[White "Danado"]
[Black "TenebrousWit"]
[Result "1/2-1/2"]
[WhiteElo "1554"]
[BlackElo "1845"]

1. d4 c5 2. dxc5 e5 3. Be3 Nc6 4. Nf3 e4 5. Nd4 Nf6 6. Nxc6 bxc6 7. Nc3 Qa5 8.
b4 Qxb4 9. Bd4 Nd5 10. Qd2 Bxc5 11. Nxd5 cxd5 12. Qxb4 Bxb4+ 13. c3 Bf8 14. e3
f6 15. Be2 h5 16. h3 Ba3 17. O-O d6 18. Rfd1 Be6 19. Bb5+ Kf7 20. Rdb1 a6 21.
Be2 Bc5 22. Bxc5 dxc5 23. a3 h4 24. a4 Ra7 25. Rb6 c4 26. Rab1 Re8 27. Rb7+ Re7
28. Rxe7+ Rxe7 29. a5 Bd7 30. Rb6 Re6 31. Rxe6 1/2-1/2

[Event "AUTO-ADV-3984"]
[Site "http://www.queenalice.com/game.php?id=1517385"]
[Date "2018.2.25"]
[Round "1"]
[White "TenebrousWit"]
[Black "Danado"]
[Result "1-0"]
[WhiteElo "1821"]
[BlackElo "1560"]

1. e4 e5 2. Nf3 d6 3. d4 Bg4 4. d5 Bxf3 5. Qxf3 Nf6 6. Nc3 h6 7. Bb5+ c6 8. dxc6
bxc6 9. Ba4 Be7 10. O-O O-O 11. Bb3 d5 12. Rd1 Nbd7 13. exd5 c5 14. d6 Re8 15.
dxe7 Rxe7 16. Be3 Qe8 17. Rd6 e4 18. Qg3 Re6 19. Bxe6 fxe6 20. Rad1 Rd8 21. Bxh6
g6 22. Rxe6 Qf7 23. Rdd6 Kh7 24. Nd5 Kxh6 25. Nxf6 Nxf6 26. Rxf6 1-0

[Event "AUTO-ADV-3984"]
[Site "http://www.queenalice.com/game.php?id=1517400"]
[Date "2018.2.25"]
[Round "1"]
[White "forever"]
[Black "TenebrousWit"]
[Result "1-0"]
[WhiteElo "1958"]
[BlackElo "1853"]

1. d4 c5 2. d5 d6 3. Nc3 Nf6 4. e4 a6 5. Bg5 e6 6. Bc4 Be7 7. Be3 O-O 8. Nge2
exd5 9. Nxd5 Nxe4 10. O-O b5 11. Bd3 f5 12. Bxe4 fxe4 13. Nxe7+ Qxe7 14. Qd5+
1-0

[Event "AUTO-ADV-3984"]
[Site "http://www.queenalice.com/game.php?id=1517401"]
[Date "2018.2.25"]
[Round "1"]
[White "TenebrousWit"]
[Black "forever"]
[Result "0-1"]
[WhiteElo "1845"]
[BlackElo "1982"]

1. e4 e5 2. Nf3 c5 3. Bc4 Nf6 4. Nc3 Nc6 5. O-O h6 6. d3 d6 7. a3 Bg4 8. h3 Bd7
9. Be3 Ne7 10. Nh4 g5 11. Qf3 gxh4 12. Qxf6 Rh7 13. Qxd6 Nc6 14. Qd5 Qc7 0-1

[Event "AUTO-ADV-3984"]
[Site "http://www.queenalice.com/game.php?id=1517410"]
[Date "2018.2.25"]
[Round "1"]
[White "mascarade"]
[Black "TenebrousWit"]
[Result "1-0"]
[WhiteElo "1833"]
[BlackElo "1885"]

1. Nf3 c5 2. g3 Nc6 3. Bg2 d5 4. O-O Nf6 5. d4 e6 6. dxc5 Bxc5 7. Bg5 Be7 8. a4
O-O 9. Na3 a6 10. c3 h6 11. Be3 e5 12. Qc1 Ng4 13. Bd2 e4 14. Ne1 Nce5 15. Bf4
Bd6 16. h3 Nf6 17. Qe3 Be6 18. Bxe5 Bxe5 19. Nec2 Bc7 20. Nd4 Bb6 21. b4 a5 22.
b5 Rc8 23. Nac2 Qd7 24. Kh2 Rc4 25. Qd2 Rfc8 26. Ra3 R8c7 27. Ne3 R4c5 28. Rc1
Qc8 29. Nxe6 fxe6 30. h4 Qf8 31. Bh3 Qe7 32. Ng4 1-0

[Event "AUTO-ADV-3984"]
[Site "http://www.queenalice.com/game.php?id=1517411"]
[Date "2018.2.25"]
[Round "1"]
[White "TenebrousWit"]
[Black "mascarade"]
[Result "0-1"]
[WhiteElo "1867"]
[BlackElo "1851"]

1. e4 e5 2. Nf3 d6 3. d4 exd4 4. Nxd4 Bd7 5. Bd3 Nc6 6. c3 g6 7. O-O Bg7 8. Nd2
Nxd4 9. cxd4 Bxd4 10. Nf3 Bg7 11. Qb3 b6 12. Ng5 Nh6 13. Be3 O-O 14. Bc4 Qe8 15.
Rac1 a5 16. Be2 Ng4 17. Bxg4 Bxg4 18. Rxc7 h6 19. f3 Be6 20. Nxe6 Qxe6 21. Qxb6
Rab8 22. Qxa5 Rxb2 23. a4 Rc8 24. Rfc1 Rbb8 25. Rxc8+ Rxc8 26. Qd2 Rxc1+ 27.
Qxc1 Qb3 28. a5 Bb2 29. Qe1 Bc3 30. Bd2 Bd4+ 31. Kh1 h5 0-1

[Event "Let's Play Chess!"]
[Site "http://www.queenalice.com/game.php?id=1522863"]
[Date "2018.4.9"]
[Round "-"]
[White "ESSantos"]
[Black "TenebrousWit"]
[Result "1-0"]
[WhiteElo "1834"]
[BlackElo "1835"]

1. e4 c5 2. Bc4 Nc6 3. d3 e6 4. Nf3 Nge7 5. Bg5 Qb6 6. b3 d5 7. exd5 exd5 8.
Bxd5 Nxd5 9. Qe2+ Be7 10. O-O Be6 11. c4 Nf6 12. Nc3 O-O 13. Na4 Qa5 14. Bd2 1-0